Optical burst switched networks (Record no. 8277)
[ view plain ]
| 000 -LEADER | |
|---|---|
| fixed length control field | 00762 a2200205 4500 |
| 020 ## - INTERNATIONAL STANDARD BOOK NUMBER | |
| International Standard Book Number | 0387237569 |
| 040 ## - CATALOGING SOURCE | |
| Original cataloging agency | DLC |
| Language of cataloging | DLC |
| 082 00 - DEWEY DECIMAL CLASSIFICATION NUMBER | |
| Classification number | 621.382/16 |
| 100 1# - MAIN ENTRY--PERSONAL NAME | |
| Personal name | Jue, Jason P. |
| 245 10 - TITLE STATEMENT | |
| Title | Optical burst switched networks |
| Statement of responsibility, etc. | Jason P. Jue, Vinod M. Vokkarane |
| 260 ## - PUBLICATION, DISTRIBUTION, ETC. | |
| Place of publication, distribution, etc. | New York : |
| Name of publisher, distributor, etc. | Springer, |
| Date of publication, distribution, etc. | c2005. |
| 300 ## - PHYSICAL DESCRIPTION | |
| Extent | xviii, 147 p. : |
| Other physical details | ill. ; |
| Dimensions | 25 cm. |
| 440 #0 - SERIES STATEMENT/ADDED ENTRY--TITLE | |
| Title | Optical networks series |
| 650 #0 - SUBJECT ADDED ENTRY--TOPICAL TERM | |
| Topical term or geographic name entry element | Packet switching (Data transmission) |
| 650 #0 - SUBJECT ADDED ENTRY--TOPICAL TERM | |
| Topical term or geographic name entry element | Optical communications. |
| 700 1# - ADDED ENTRY--PERSONAL NAME | |
| Personal name | Vokkarane, Vinod M., |
| Dates associated with a name | 1978- |
| 856 42 - ELECTRONIC LOCATION AND ACCESS | |
| Materials specified | Publisher description |
| Uniform Resource Identifier | <a href="http://www.loc.gov/catdir/enhancements/fy0663/2004062640-d.html">http://www.loc.gov/catdir/enhancements/fy0663/2004062640-d.html</a> |
| 856 42 - ELECTRONIC LOCATION AND ACCESS | |
| Materials specified | Table of contents only |
| Uniform Resource Identifier | <a href="http://www.loc.gov/catdir/enhancements/fy0819/2004062640-t.html">http://www.loc.gov/catdir/enhancements/fy0819/2004062640-t.html</a> |
| 942 ## - ADDED ENTRY ELEMENTS (KOHA) | |
| Koha item type | Book |
| Call number prefix | 621.38216 JUE |
| Source of classification or shelving scheme | |
| Withdrawn status | Lost status | Damaged status | Not for loan | Collection code | Permanent Location | Current Location | Shelving location | Date acquired | Source of acquisition | Cost, normal purchase price | Total Checkouts | Full call number | Barcode | Date last seen | Price effective from | Koha item type |
|---|---|---|---|---|---|---|---|---|---|---|---|---|---|---|---|---|
| Central Library (CL) | Central Library (CL) | General Stacks | 09/13/2007 | A & J Def Tek Concultants | 7727.96 | 621.38216 JUE | SEECS008582 | 11/14/2012 | 01/05/2017 | Book |
